000 00587nam a2200217Ii 4500
003 JO-AjNU
008 230606s9999||||xx |||||||||||||| ||und||
020 _a0-471-36879-2
040 _aJO-AjNU
_beng
_erda
_cJO-AjNU
041 _aeng
050 1 4 _aQA162 .H47 1999
100 3 _a Herstein, I.N. ,
_eauthor
_91153
245 0 0 _a Abstract algebra
250 _a3 ed
264 3 1 _aNEW YOK:john wiley.1999
300 _a248p
336 _atext
_btxt
_2rdacontent
337 _aunmediated
_bn
_2rdamedia
338 _avolume
_bnc
_2rdacarrier
650 4 _a Algebra , Abstract 
_91154
999 _aE605
_c605
_d605